Option: construction of agreement (Record no. 67515)

MARC details
000 -LEADER
fixed length control field 01446cam a2200217 4500
001 - CONTROL NUMBER
control field WB3725-28
008 - FIXED-LENGTH DATA ELEMENTS--GENERAL INFORMATION
fixed length control field 000000n2001 000 0 eng u
035 ## - SYSTEM CONTROL NUMBER
System control number (Sirsi) u113334
245 ## - TITLE STATEMENT
Title Option: construction of agreement
260 ## - PUBLICATION, DISTRIBUTION, ETC.
Date of publication, distribution, etc. 2001
490 ## - SERIES STATEMENT
Series statement Estates Gazette
Volume/sequential designation [2001] 25 EG 156 (CS) (23/06/01)
520 ## - SUMMARY, ETC.
Summary, etc. "Smith and others v Royce Properties Ltd", CA 14 June 2001. Claimant trustees sold land within the green belt subject to a repurchasing option agreement which required planning permission to be granted within 20 years from the 1977 conveyance. The trustees retained ownership of an area of the land, which the council were subsequently willing to remove from the green belt providing certain requirements were met. The trustees were granted planning permission for a scheme and sought to exercise the option agreement. A dispute ensued over what land was covered by the option. The judge disagreed with the trustees definition of the option land and held that the option was not triggered by permission. The trustees appealed. "Held", appeal allowed. It was found that the planning permission granted was enough to allow the trustees to exercise their option.
590 ## - LOCAL NOTE (RLIN)
Local note WB
650 ## - SUBJECT ADDED ENTRY--TOPICAL TERM
Topical term or geographic name entry element Land use
9 (RLIN) 6251
650 ## - SUBJECT ADDED ENTRY--TOPICAL TERM
Topical term or geographic name entry element PLANNING PERMISSION
650 ## - SUBJECT ADDED ENTRY--TOPICAL TERM
Topical term or geographic name entry element OPTION AGREEMENTS
650 ## - SUBJECT ADDED ENTRY--TOPICAL TERM
Topical term or geographic name entry element GREEN BELT LAND
650 ## - SUBJECT ADDED ENTRY--TOPICAL TERM
Topical term or geographic name entry element SMITH V ROYCE PROPERTIES LTD
690 ## - LOCAL SUBJECT ADDED ENTRY--TOPICAL TERM (OCLC, RLIN)
Topical term or geographic name as entry element PROPERTY AND LAND LAW-CASE LAW
942 ## - ADDED ENTRY ELEMENTS (KOHA)
Suppress in OPAC 0
Holdings
Withdrawn status Lost status Source of classification or shelving scheme Damaged status Not for loan Home library Current library Shelving location Date acquired Total Checkouts Full call number Barcode Date last seen Copy number Price effective from Koha item type
    Dewey Decimal Classification     London London News article 28/06/2001   WB3725-28 113334-1001 06/08/2019 1 06/08/2019 Law report